| 000 | 00670nam a2200217 u 4500 | ||
|---|---|---|---|
| 005 | 20240228064320.0 | ||
| 008 | 171110s2007 r 000 0 eng d | ||
| 020 | _a140427166X | ||
| 035 | _aUPN01000221577 | ||
| 049 | _aI | ||
| 050 | 4 |
_aPZ7 _bB3.2 |
|
| 100 | 1 |
_aBarone, Bill _942038 |
|
| 245 | 1 | 1 |
_a¡Cuántas bolas de helado! / _cBill Barone ; tr. Maria Cristina Brusca. |
| 260 |
_aNew York : _bRosen Classroom Books & Materials, _cc2007. |
||
| 300 |
_a16 p. : _bil. col. |
||
| 440 | 0 |
_aLecturas del barrio. _pHumor |
|
| 650 | 4 |
_aLibros y lectura para niños _92290 |
|
| 650 | 4 |
_aARITMETICA - _vLITERATURA INFANTIL _923590 |
|
| 905 | _aLibro | ||
| 999 |
_c193674 _d193674 |
||